Areas of outstanding natural beauty (Record no. 70469)

MARC details
000 -LEADER
fixed length control field 00952cam a2200205 4500
001 - CONTROL NUMBER
control field WB3821-22
008 - FIXED-LENGTH DATA ELEMENTS--GENERAL INFORMATION
fixed length control field 020612n2002 000 0 eng u
035 ## - SYSTEM CONTROL NUMBER
System control number (Sirsi) u118388
245 ## - TITLE STATEMENT
Title Areas of outstanding natural beauty
260 ## - PUBLICATION, DISTRIBUTION, ETC.
Date of publication, distribution, etc. 2002
490 ## - SERIES STATEMENT
Series statement Countryside Agency Press Release
Volume/sequential designation 10 June 2002 (2)
520 ## - SUMMARY, ETC.
Summary, etc. The first Area of outstanding natural beauty (AONB) management plan has been published by the "Suffolk Coasts and Heaths AONB". All local authorities have a new statutory duty under the Countryside and Rights of Way Act 2000 to produce these management plans which aim to protect and manage some of England's finest countryside. http://www.countryside.gov.uk/news/article.asp?NewsItemID=225
590 ## - LOCAL NOTE (RLIN)
Local note WB
650 ## - SUBJECT ADDED ENTRY--TOPICAL TERM
Topical term or geographic name entry element COUNTRYSIDE AGENCY
650 ## - SUBJECT ADDED ENTRY--TOPICAL TERM
Topical term or geographic name entry element AREAS OF OUTSTANDING NATURAL BEAUTY
650 ## - SUBJECT ADDED ENTRY--TOPICAL TERM
Topical term or geographic name entry element AONB
650 ## - SUBJECT ADDED ENTRY--TOPICAL TERM
Topical term or geographic name entry element COUNTRYSIDE AND RIGHTS OF WAY ACT 2000
690 ## - LOCAL SUBJECT ADDED ENTRY--TOPICAL TERM (OCLC, RLIN)
Topical term or geographic name as entry element RURAL-NATURE CONSERVATION
942 ## - ADDED ENTRY ELEMENTS (KOHA)
Suppress in OPAC 0
Holdings
Withdrawn status Lost status Source of classification or shelving scheme Damaged status Not for loan Home library Current library Shelving location Date acquired Total Checkouts Full call number Barcode Date last seen Copy number Price effective from Koha item type
    Dewey Decimal Classification     London London News article 12/06/2002   WB3821-22 118388-1001 06/08/2019 1 06/08/2019 News article